CEREALS

Bibliographic Details
Other Authors: Grubben, Partohardjono
Format: Book
Published: Bogor, Indonesia : PROSEA , 1996
Series:Plant resources of South-East Asia ; n. 10
Subjects:

MARC

LEADER 00000cam a2200000 7i4500
001 0000001023
005 20011023.0
020 0 0 |a 979831312 
090 0 0 |a R580   |b CER 1996 
245 0 0 |a CEREALS   |c editors, G. J. H. Grubben and Soetjipto Partohardjono 
260 0 0 |a Bogor, Indonesia :   |b PROSEA ,   |c 1996 
300 |a 199 p. :   |b ill., map ;   |c 26 cm. 
440 0 0 |a Plant resources of South-East Asia ; n. 10 
500 0 0 |a Bibliography : [p. 158-168] and index 
650 0 0 |a Botany, Economic   |z Asia, Southeastern 
650 0 0 |a Grain 
700 0 1 |a Grubben   |h G. J. H. 
700 0 1 |a Partohardjono   |h Soetjipto 
998 |a JPSM 
999 |a 0000002538   |b Monograph   |c Reference   |e Default branch